| 000 | 00523nam a2200181 a 4500 | ||
|---|---|---|---|
| 005 | 20140311163003.0 | ||
| 008 | 021205s19uu xx 00 eng d | ||
| 020 | _a0721689892 | ||
| 050 |
_aRT 48 _b.L43 2002 |
||
| 100 | _aLeasia, Marilyn S. | ||
| 245 |
_aA Practical Guide to Health Assessment. / _cMarilyn Shelley Leasia. |
||
| 260 |
_aU.S.A ; _bW.B Saunders Company, _c2002. |
||
| 300 |
_a516 p. : _bill. col. ; _c20 cm. |
||
| 521 | _aNUR | ||
| 650 | _aNursing assessment. | ||
| 942 |
_cBK _2lcc _kFOR |
||
| 999 |
_c39249 _d39249 |
||